Clinical pocket guide for health & physical assessment in nursing / (رقم التسجيلة. 21986)

تفاصيل مارك
000 -الفاتح
حقل البيانات ثابتة الطول 01344cam a22003738a 4500
001 - رقم الضبط
رقم الضبط 16370669
003 - محدد رقم الضبط
رقم الضبط OSt
005 - وقت وتاريخ اخر تعامل مع التسجيلة
رقم الضبط 20150408114020.0
008 - عناصر البيانات ثابتة الطول - معلومات عامة
حقل البيانات ثابتة الطول 100730s2012 mau bf 001 0 eng
010 ## - رقم ضبط مكتبة الكونجرس
رقم ضبط مكتبة الكونجرس 2010029930
020 ## - الرقم الدولى المعيارى للكتب
الرقم الدولى المعيارى للكتاب 9780135114704 (alk. paper)
020 ## - الرقم الدولى المعيارى للكتب
الرقم الدولى المعيارى للكتاب 0135114705 (alk. paper)
035 ## - رقم ضبط النظام
رقم ضبط النظام (DNLM)101537137
040 ## - مصدر الفهرسة
وكالة الفهرسة الأصلية DNLM/DLC
وكالة النسخ DLC
وكالة التعديل DLC
042 ## - رمز التحقق
رمز التحقق pcc
050 00 - رقم طلب مكتبة الكونجرس
رقم التصنيف RT48
رقم المادة .B365 2012
060 10 - رقم الطلب بالمكتبة الطبية الوطنية
رقم التصنيف WY 49
082 00 - رقم تصنيف ديوى العشرى
رقم التصنيف 616.075
رقم الطبعة 22
100 1# - المدخل الرئيسى - إسم شخصى
الإسم الشخصى Barbarito, Colleen.
9 (RLIN) 11597
245 10 - بيان العنوان
العنوان Clinical pocket guide for health & physical assessment in nursing /
بيان المسئوليه,etc Colleen Barbarito and Donita D'Amico.
260 ## - PUBLICATION, DISTRIBUTION, ETC. (IMPRINT)
مكان الناشر او الموزع Boston :
اسم الناشر او الموزع Prentice Hall,
تاريخ النشر أو التوزيع c2012.
263 ## - تاريخ النشر المتوقع
تاريخ النشر المتوقع 1102
300 ## - الوصف المادى
التعداد p. cm.
500 ## - تبصرة عامة
تبصرة عامة Rev. ed. of: Clinical handbook for health & physical assessment in nursing. c2007.
504 ## - تبصرة ببليوجرافية
تبصرة ببليوجرافية,الخ Includes bibliographical references and index.
650 #0 - المدخل الاضافى بالموضوع-مصطلح موضوعى
مصطلح موضوعي أو اسم جغرافي كعنصر مدخل Nursing assessment
التقسيم الفرعي الشكلي Handbooks, manuals, etc.
9 (RLIN) 10730
650 #0 - المدخل الاضافى بالموضوع-مصطلح موضوعى
مصطلح موضوعي أو اسم جغرافي كعنصر مدخل Physical diagnosis
التقسيم الفرعي الشكلي Handbooks, manuals, etc.
9 (RLIN) 11598
650 12 - المدخل الاضافى بالموضوع-مصطلح موضوعى
مصطلح موضوعي أو اسم جغرافي كعنصر مدخل Nursing Assessment
التقسيم الفرعي العام methods
التقسيم الفرعي الشكلي Handbooks.
9 (RLIN) 11599
650 22 - المدخل الاضافى بالموضوع-مصطلح موضوعى
مصطلح موضوعي أو اسم جغرافي كعنصر مدخل Physical Examination
التقسيم الفرعي العام nursing
التقسيم الفرعي الشكلي Handbooks.
9 (RLIN) 11600
700 1# - المدخل الاضافى - اسم شخصى
الإسم الشخصى D'Amico, Donita.
9 (RLIN) 11601
700 1# - المدخل الاضافى - اسم شخصى
الإسم الشخصى D'Amico, Donita.
عنوان العمل Clinical handbook for health & physical assessment in nursing.
9 (RLIN) 11602
942 ## - عناصر المدخل الإضافي( كوها)
مصدر التصنيف او مخطط الترفيف Dewey Decimal Classification
Koha [default] item type كتاب
المقتنيات
حالة الفقد نموذج السعر الفعال حالة تلف ليس للاعارة رقم الطلب تاريخ الاكتساب الموقع الحالي الباركود الفرع الرئيسي Date last seen نوع المادة فى نظام كوها مصدر التصنيف او خطة الترفيف Total Checkouts
  2013-03-10     616.075 B C C 2012-04-22 المكتبة المركزية بالمجمعة (CL) 00084292 المكتبة المركزية بالمجمعة (CL) 2013-03-10 كتاب Dewey Decimal Classification  
  2013-03-10     616.075 B C C 2012-04-22 المكتبة المركزية بالمجمعة (CL) 00085199 المكتبة المركزية بالمجمعة (CL) 2013-03-10 كتاب Dewey Decimal Classification  
  2013-03-10     616.075 B C C 2012-04-19 مكتبة كلية العلوم الطبية التطبيقية بالمجمعة - طالبات (AMF) 00084237 مكتبة كلية العلوم الطبية التطبيقية بالمجمعة - طالبات (AMF) 2013-03-10 كتاب Dewey Decimal Classification  
  2013-03-10     616.075 B C C 2012-04-19 مكتبة كلية العلوم الطبية التطبيقية بالمجمعة - طالبات (AMF) 00084238 مكتبة كلية العلوم الطبية التطبيقية بالمجمعة - طالبات (AMF) 2013-03-10 كتاب Dewey Decimal Classification